El sentido de la educabilidad de la memoria según santo Tomás de Aquino : hacia una teoría de la pedagogía anamnética /

Gespeichert in:
Bibliographische Detailangaben
1. Verfasser: Mendoza Rivera, Wilson (autor.)
Format: E-Book
Sprache:Spanisch
Veröffentlicht: Bogotá : Ediciones USTA, 2023.
Schlagworte:
Online-Zugang:https://elibro.unach.elogim.com/es/lc/unach/titulos/288310
Tags: Tag hinzufügen
Keine Tags, Fügen Sie den ersten Tag hinzu!

MARC

LEADER 00000nam a2200000 i 4500
001 ELB288310
003 FINmELB
005 20251022115448.0
006 m o u
007 cr cn|||||||||
008 251022s2023 ck ob 000 0 spa d
020 |z 9789587826241 
020 |a 9789587826258  |q (e-book) 
035 |a (OCoLC)1553197027 
040 |a FINmELB  |b spa  |e rda  |c FINmELB 
050 4 |a LB14.7  |b M539 2023 
080 |a 37.011 
082 0 4 |a 370.1  |2 23 
100 1 |a Mendoza Rivera, Wilson,  |e autor. 
245 1 3 |a El sentido de la educabilidad de la memoria según santo Tomás de Aquino :  |b hacia una teoría de la pedagogía anamnética /  |c Wilson Mendoza Rivera. 
264 1 |a Bogotá :  |b Ediciones USTA,  |c 2023. 
300 |a 1 recurso en línea (130 páginas) 
336 |a texto  |b txt  |2 rdamedia/spa 
337 |a computadora  |b c  |2 rdamedia/spa 
338 |a recurso en línea  |b cr  |2 rdacarrier/spa 
504 |a Incluye referencias bibliográficas. 
588 |a Descripción basada en metadatos suministrados por el editor y otras fuentes. 
590 |a Recurso electrónico. Santa Fe, Arg.: elibro, 2025. Disponible vía World Wide Web. El acceso puede estar limitado para las bibliotecas afiliadas a elibro. 
600 0 0 |a Tomás de Aquino,  |c Santo,  |d 1225?-1274  |x Crítica e interpretación. 
650 4 |a Educación  |x Filosofía. 
650 4 |a Memoria. 
650 4 |a Conflicto armado  |z Colombia. 
655 4 |a Libros electrónicos. 
797 2 |a elibro, Corp. 
856 4 0 |u https://elibro.unach.elogim.com/es/lc/unach/titulos/288310